000 00404nam a2200181Ia 4500
001 14123
005 20260306164851.0
008 260306t2011||||xx |||||||||||||| ||spa||
041 _aESP
082 _a501
_bA29
100 _aAgazzi, Evandro
_eAUT
245 0 _aLa ciencia y el alma de occidente
260 _c2011
300 _a
_c
650 _aGEN
654 _aCCN
942 _cLIB
_dJUS
_fJUS
_2ddc
_n
999 _c14123
_d14123